Quizzes
Events
Quiz Creation
Community
Videos
Private Events
Remove Ads
Sign In
Join for FREE
Feedback
Dark Mode
Quiz Categories
Sports
Geography
Music
Movies
Television
Just For Fun
Miscellaneous
History
Literature
Language
Science
Gaming
Entertainment
Religion
Holiday
For Kids
Quiz Lab
Recent
Popular Today
Quiz Kudos Today
Editor Picks
Curator Picks
Quizzes by...
Day
Popularity
Type
Ratings
Length
Year
Community
Subscriptions
Recent Discussions
Orange Saloon
Badges
Playlists
Quests
Create
Leaderboards
Showdown
Live 5
Trivia Bingo
Activity
Puzzle Library
Sporcle Events
Private Events
Virtual Trivia
Globe League
Become a Host
Pub Owners
SporcleCon
Opinionation
Our Games
Videos
Blog
Mobile Apps
Partnerships
Remove Ads and Go Orange
Feedback
Music
Pop Music
The Beatles
Song
Album
Lyrics
Bands
Singers
Artist
Clip
Rock
Rap
Classical
Billboard
Country Music
Kpop
Taylor Swift
Music
Pop Music
The Beatles
Song
Album
Lyrics
Bands
Singers
Artist
Clip
Rock
Rap
Classical
Billboard
Country Music
Kpop
Taylor Swift
Random Quiz
Search Sporcle
×
Quiz Lab
Quiz Lab
Music
Animation
Type in answers that appear in a list
Type in answers that appear in a list
Classic
Best Score? Go Orange.
Without You Stats
Can you name the lyrics to Spongebob's 'Without You'?
By
dumpsterdiver13
10m
75 Questions
654 Plays
654 Plays
654 Plays
Comments
Comments
Give Quiz Kudos
Give Quiz Kudos
-
- Ratings
hide this ad
Replay
Link that replays current quiz
Next Quiz
Link to next quiz in quiz playlist
You Got
0%
They Got
Avg Score
84%
Avg Friend Score
Upgrade to see
Score Distribution
Jump to the score distribution portion of the page
Score
0/75
Timer
10:00
0
Plays Today
% Correct
A
96.5%
a
96.5%
A
96.5%
a
96.5%
A
96.5%
a
96.5%
And
96.5%
a
96.5%
the
96.5%
the
96.5%
a
96.5%
you
96.3%
you'd
96.3%
you.
96.3%
you.
96.3%
I
96%
I
96%
I
96%
without
92.8%
without
92.8%
is
90.3%
is
90.3%
is
90.3%
is
90.3%
is
90.3%
is
90.3%
No
88%
go.
85.4%
where
85%
stove
84.5%
stove.
84.5%
grill
84.5%
grill,
84.5%
grill
84.5%
stove
84.5%
matter
83.7%
not
83.4%
not
83.4%
% Correct
not
83.4%
This
83%
this
83%
This
83%
This
83%
It's
81.7%
it
81.4%
patty
81.3%
patty,
81.3%
home.
80.2%
know.
79.9%
to
79.6%
same
78.2%
be
78.1%
what
77.9%
just
77.8%
all
75.6%
if
75.6%
fries
75.5%
fries
75.5%
come
75.5%
so,
75.3%
kitchen's
75.2%
greasy
75.2%
that's
75%
back
74.8%
would
74.7%
But
74.2%
say.
73.8%
stay.
73.8%
away
73.5%
way.
72.1%
spoon
68.6%
surely
68.3%
trade
68.3%
either
68.1%
should
65%
Quiz Playlist
Details
Report
Send in Message
Add To Playlist
Classic:
Type in answers that appear in a list
Quiz Source
Last Updated: Feb 16, 2017
Quiz Scoreboard
CHALLENGE
Sign Up to Join the Scoreboard
Show All
Scores
Hide
Comments
May contain spoilers
Recently Published
An Introduction to Baseball
by treessimontrees
Sports
5m
Movies - When Are They Set?
by FPL_Elf
Movies
5m
Popular People in 1961
by mucciniale
History
6m
More to Explore
Quiz From the Vault
Featured Blog Post
Where Did the Easter Bunny Come From?
hide this ad
You Might Also Like...
Tags
Animation Quiz
Lyrics Quiz
SpongeBob
Today's Top Quizzes in Music
Browse Music
hide this ad
Today's Top Quizzes in Animation
Browse Animation
Top Contributed Quizzes in Music
1
Taylor Swift All Songs (2024)
2
Guess the Artist- 70s Songs
3
KPOP LOGIC QUIZ
4
One Thing in Common: Music
5
2010s Album by Cover III
6
Guess the Taylor Swift song (Mystery Song)
7
Taylor Swift Logic Puzzle
8
2010s Album by Cover IV
9
2010s Album by Cover V
10
Kpop Logic Quiz
Explore More
Trending Topics
Disney
Kpop
Crossword
Harry Potter
Marvel
NBA
Anime
Song
Soccer
WWE
NFL
The Office
Country
Puzzle
Pokémon
hide this ad
More By:
dumpsterdiver13
Quiz
Plays
Rating
Category
Featured
Created
Babelfish Christmas Carols
43,106
3.94
Holiday
Dec 18, 2010
Spongebob Joke
37,554
4.05
Just For Fun
Oct 31, 2010
'Striped Sweater' Lyrics
26,017
4.73
Television
Oct 31, 2010
Ripped Pants
5,189
4.55
Music
Oct 31, 2010
The Dumbest Quiz Ever (Or Is It?)
3,273
1.96
Just For Fun
Feb 12, 2011
Go to Creator's Profile
Score Distribution
Quiz Creator Spotlight
dumpsterdiver13
Follow
Send a Message
Quizzes Created
-
Created Quiz Play Count
-
More By This Creator
Popular Quizzes Today
1
Find the Countries of Europe - No Outlines Minefield
2
Find the US States - No Outlines Minefield
3
The Countries of the World
4
Popular People in 1961
5
US States
6
Find the US States
7
1-10 Letter E Words III
8
Risky Map Clicking: Biggest States A-Z
More Music Quizzes
BTS Boy With Luv MV Trivia
Quiz Lab
Trending Quizzes
Risky Map Clicking: Least Populous States A-Z
1-10 Letter F Words
1-10 Letter G Words
One Thing in Common: United Kingdom
Not Quite an Element Typing Challenge
Recently Updated
Leaping Animals
pecheneg
Reality TV Shows (A-Z)
bhenderson79
Rickey Henderson's Hall of Fame Teammates
pecheneg
Champions League XIs: Arsenal
pecheneg
Quick Pick: Celebrities in WWE's Hall of Fame
aduchscher
A-Z Keypad Blitz II
pecheneg
Multiple Oscar Actors
pecheneg
Mystery Phrase Blitz: Oscar 'Best Actors'
pecheneg
F. Scott Fitzgerald Novels
LTH
Pick 3 Villains
ddd62291
Trending Topics
Harry Potter
Kpop
NBA
Anime
Crossword
Disney
Marvel
Soccer
The Office
Pokémon
Puzzle
Song
WWE
NFL
Country
Your Account Isn't Verified!
In order to create a playlist on Sporcle, you need to verify the email address you used during registration. Go to your
Sporcle Settings
to finish the process.
Report this User
Report this user for behavior that violates our
Community Guidelines
.
Details:
Send Report
Go to the Sporcle.com Mobile Site →
Comments